<?xml version="1.0" encoding="UTF-8"?><?xml-stylesheet type="text/xsl" href="static/style.xsl"?><OAI-PMH xmlns="http://www.openarchives.org/OAI/2.0/" xmlns:xsi="http://www.w3.org/2001/XMLSchema-instance" xsi:schemaLocation="http://www.openarchives.org/OAI/2.0/ http://www.openarchives.org/OAI/2.0/OAI-PMH.xsd"><responseDate>2026-04-29T08:12:59Z</responseDate><request verb="GetRecord" identifier="oai:repisalud.isciii.es:20.500.12105/12919" metadataPrefix="marc">https://repisalud.isciii.es/rest/oai/request</request><GetRecord><record><header><identifier>oai:repisalud.isciii.es:20.500.12105/12919</identifier><datestamp>2025-06-12T11:59:03Z</datestamp><setSpec>com_20.500.12105_8149</setSpec><setSpec>com_20.500.12105_5570</setSpec><setSpec>com_20.500.12105_2404</setSpec><setSpec>com_20.500.12105_2403</setSpec><setSpec>col_20.500.12105_12899</setSpec></header><metadata><record xmlns="http://www.loc.gov/MARC21/slim" xmlns:dcterms="http://purl.org/dc/terms/" xmlns:doc="http://www.lyncode.com/xoai" xmlns:xsi="http://www.w3.org/2001/XMLSchema-instance" xsi:schemaLocation="http://www.loc.gov/MARC21/slim http://www.loc.gov/standards/marcxml/schema/MARC21slim.xsd">
   <leader>00925njm 22002777a 4500</leader>
   <datafield ind2=" " ind1=" " tag="042">
      <subfield code="a">dc</subfield>
   </datafield>
   <datafield ind2=" " ind1=" " tag="720">
      <subfield code="a">Sanchez-Galan, Luis</subfield>
      <subfield code="e">author</subfield>
   </datafield>
   <datafield ind2=" " ind1=" " tag="720">
      <subfield code="a">Baides Gonzalvo, Pilar</subfield>
      <subfield code="e">author</subfield>
   </datafield>
   <datafield ind2=" " ind1=" " tag="720">
      <subfield code="a">Regal Ramos, Raúl</subfield>
      <subfield code="e">author</subfield>
   </datafield>
   <datafield ind2=" " ind1=" " tag="260">
      <subfield code="c">2019-09</subfield>
   </datafield>
   <datafield ind2=" " ind1=" " tag="520">
      <subfield code="a">[ES] Tras el alta médica finaliza un proceso de incapacidad temporal. se considera que existe recaída en un mismo proceso de incapacidad temporal cuando se produce una nueva baja médica, por la misma o similar patología, dentro de los ciento ochenta días naturales siguientes a la fecha de efectos del alta médica anterior. Cuando estas recaídas ocurren tras altas médicas emitidas por el Instituto Nacional de la Seguridad Social española quedan sometidas a especiales requerimientos reglamentarios que consisten en un sistema de inspección directa llevada a cabo por los inspectores médicos adscritos a la Seguridad Social, así como por los Equipos de Valoración de Incapacidades. Las recaídas afectan directamente a la delimitación de la duración máxima del subsidio de incapacidad temporal en cada trabajador. Su número, y por tanto el gasto económico que ocasionan al sistema de seguridad social, puede disminuir al colaborar con los Servicios de Prevención de las empresas y su control puede verse favorecido aplicando modelos de inteligencia artificial. [EN] A process of temporary disability concludes once a medical discharge takes place. A relapse in the same temporary disability process is considered to take place when a new sick leave happens because of the same or a similar pathology within the 180 calendar days following the previous sick leave. If these relapses appear after the medical discharge issued by the Spanish Social Security National Institute, they will be submitted to special statutory requirements consisting of a direct inspection system carried out by Social Security medical inspectors as well as by the Disabilities Assessment Board. Relapses affect directly the definition of the maximum duration of temporary incapacity benefit for each worker. The number of such workers, and thus the Social Security economic costs are lowered by collaborating with the Prevention Services of companies. Its control could benefit from applying artificial intelligence models.</subfield>
   </datafield>
   <datafield ind1="8" ind2=" " tag="024">
      <subfield code="a">Med Segur Trab 2019 ; Vol.65 Nº 256; 217-232</subfield>
   </datafield>
   <datafield ind1="8" ind2=" " tag="024">
      <subfield code="a">0465-546X</subfield>
   </datafield>
   <datafield ind1="8" ind2=" " tag="024">
      <subfield code="a">http://hdl.handle.net/20.500.12105/12919</subfield>
   </datafield>
   <datafield ind1="8" ind2=" " tag="024">
      <subfield code="a">1989-7790</subfield>
   </datafield>
   <datafield ind1="8" ind2=" " tag="024">
      <subfield code="a">Medicina y Seguridad del Trabajo</subfield>
   </datafield>
   <datafield tag="653" ind2=" " ind1=" ">
      <subfield code="a">Incapacidad laboral</subfield>
   </datafield>
   <datafield tag="653" ind2=" " ind1=" ">
      <subfield code="a">Recaida</subfield>
   </datafield>
   <datafield tag="653" ind2=" " ind1=" ">
      <subfield code="a">Inteligencia artificial</subfield>
   </datafield>
   <datafield tag="653" ind2=" " ind1=" ">
      <subfield code="a">Seguridad Social</subfield>
   </datafield>
   <datafield tag="653" ind2=" " ind1=" ">
      <subfield code="a">Sick leave</subfield>
   </datafield>
   <datafield tag="653" ind2=" " ind1=" ">
      <subfield code="a">Recurrence</subfield>
   </datafield>
   <datafield tag="653" ind2=" " ind1=" ">
      <subfield code="a">Relapse</subfield>
   </datafield>
   <datafield tag="653" ind2=" " ind1=" ">
      <subfield code="a">Artificial inteligence</subfield>
   </datafield>
   <datafield tag="653" ind2=" " ind1=" ">
      <subfield code="a">Social security</subfield>
   </datafield>
   <datafield ind2="0" ind1="0" tag="245">
      <subfield code="a">Recaídas en incapacidad temporal: impacto de su regulación y control</subfield>
   </datafield>
</record></metadata></record></GetRecord></OAI-PMH>